01094nam a2200301 a 450000100060000000300080000600500170001400800410003102000220007203500190009404000350011304100080014808200240015610000540018024500430023426000530027730000310033049000560036149000330041750400270045065000260047765000210050383000640052483000410058894200120062999900170064195201340065872586BD-RjUL20211209082301.0170521r19791977enka b 000 0 eng  a0713126477 (pbk.) a(BD-RjUL)72804 aBD-RjULbengcBD-RjULdBD-RjUL aeng 223a576.5bCLG 19791 aClark, Brian F. C.q(Brian Frederic Carl)921471314aThe Genetic Code /cBrian F. C. Clark. aLondon :bEdward Arnold,cc1977 [Reprinted 1979] av, 74 p. :bill. ;c22 cm.1 aInstitute of Biology's Studies in biology ;vno. 831 aStudies in biology ;vno. 83 aBibliography: p. 72-74 0aGenetic code.9214714 0aGenetics9219055 0aInstitute of Biology's Studies in biology ;vno. 839234223 0aStudies in biology ;vno. 839234224 2ddccBK c72586d72586 00102ddc40718RAREaRUCLbRUCLcRared2019-10-30eAuthorg2.60l0oRA 576.5 CLG 1979r2017-08-16 00:00:00tC-1w2021-12-09yBK